000 01140cam a22003375i 4500
999 _c8100
_d8100
001 21102117
003 OSt
005 20190918115921.0
008 190716s2019 ii 000 0 eng d
010 _a 2019335757
020 _a9789351483526
_q(HB)
020 _a9351483525
020 _a9789351483533
_q(PB)
020 _a9351483533
025 _aI-E-2019335757 ; 13-90 ; 61-90 ; 68-90
035 _a(OCoLC)on1108812674
035 _a(OCoLC)1108812674
037 _bLibrary of Congress -- New Delhi Overseas Office
040 _aDKAGE
_beng
_erda
_cDKAGE
_dDLC
042 _alccopycat
_alcode
082 _223
_a305
_bW217H
245 0 0 _aYour history is not our story :
_bre-imaging colonial historiography of tribals and Christianity in North East India /
_cWalotemjen & Songram Basumatary.
264 1 _aNew Delhi :
_bChristian World Imprints,
_c2019.
300 _axii, 203 pages ;
_c24 cm
336 _atext
_btxt
_2rdacontent
337 _aunmediated
_bn
_2rdamedia
338 _avolume
_bnc
_2rdacarrier
906 _a7
_bpar
_ccopycat
_d3
_encip
_f20
_gy-gencatlg
942 _2ddc
_cBK